[Event "WJCC U20 Open 2019"]
[Site "New Delhi"]
[Date "2019.10.21"]
[Round "7.45"]
[White "Hamad Essam"]
[Black "Swarnavo Choudhury"]
[Result "1/2-1/2"]
[WhiteElo "1849"]
[BlackElo "1797"]
[Annotator "NA"]
[PlyCount "81"]
[EventDate "2019.10.15"]
[EventType "swiss"]
[EventCountry "IND"]
[SourceTitle "playchess.com"]
[Source "ChessBase"]
[SourceQuality "1"]
[TimeControl "40/5400+30:1800+30"]

1. e4 {[%emt 0:00:00]} c5 {[%emt 0:00:00]} 2. Nf3 {[%emt 0:00:00]} e6 {[%emt 0:00:09]} 3. c3 {[%emt 0:00:00]} d5 {[%emt 0:01:35]} 4. exd5 {[%emt 0:00:00]} exd5 {[%emt 0:02:38]} 5. d4 {[%emt 0:00:00]} Nc6 {[%emt 0:00:18]} 6. Bb5 {[%emt 0:00:00]} Bd6 {[%emt 0:01:46]} 7. dxc5 {[%emt 0:01:05]} Bxc5 {[%emt 0:00:13]} 8. O-O {[%emt 0:02:10]} Nge7 {[%emt 0:03:46]} 9. Nbd2 {[%emt 0:00:26]} O-O {[%emt 0:00:19]} 10. Nb3 Bb6 {[%emt 0:00:57]} 11. Nbd4 {[%emt 0:02:01]} Bg4 {[%emt 0:02:16]} 12. Qd3 {[%emt 0:06:33]} Qd6 {[%emt 0:14:42]} 13. Re1 {[%emt 0:07:01]} Bc7 {[%emt 0:04:03]} 14. g3 {[%emt 0:00:10]} Ng6 {[%emt 0:02:28]} 15. Bxc6 {[%emt 0:20:05]} bxc6 {[%emt 0:01:05]} 16. Ng5 {[%emt 0:00:05]} h6 {[%emt 0:04:16]} 17. Bf4 {[%emt 0:00:15]} Qd7 {[%emt 0:05:08]} 18. Bxc7 {[%emt 0:02:55]} hxg5 {[%emt 0:08:16]} 19. Ba5 {[%emt 0:00:36]} c5 {[%emt 0:02:40]} 20. f3 {[%emt 0:03:58]} Bh3 {[%emt 0:04:18]} 21. Nc2 {[%emt 0:00:42]} Bf5 {[%emt 0:00:37]} 22. Qd2 {[%emt 0:00:19]} Rfe8 {[%emt 0:03:13]} 23. Rxe8+ {[%emt 0:08:24]} Rxe8 {[%emt 0:01:18]} 24. Re1 {[%emt 0:00:16]} Ne5 {[%emt 0:03:53]} 25. Rxe5 {[%emt 0:01:26]} Rxe5 {[%emt 0:00:29]} 26. Ne3 {[%emt 0:00:07]} d4 {[%emt 0:02:08]} 27. cxd4 {[%emt 0:03:06]} Qxd4 {[%emt 0:01:48]} 28. Kf2 {[%emt 0:00:31]} Be6 {[%emt 0:03:50]} 29. Qc1 {[%emt 0:01:08]} Rxe3 {[%emt 0:16:58]} 30. Qxe3 {[%emt 0:00:16]} Qxb2+ {[%emt 0:00:11]} 31. Qd2 {[%emt 0:04:03]} Qa3 {[%emt 0:01:23]} 32. Qd8+ {[%emt 0:04:06]} Kh7 {[%emt 0:00:13]} 33. Bd2 {[%emt 0:00:05]} c4 {[%emt 0:08:10]} 34. Qxg5 {[%emt 0:00:16]} Qd6 {[%emt 0:00:11]} 35. Bc3 {[%emt 0:00:45]} Qf8 {[%emt 0:01:41]} 36. h4 {[%emt 0:01:02]} f6 {[%emt 0:00:21]} 37. Qe3 {[%emt 0:02:02]} Qa3 {[%emt 0:00:42]} 38. Qe4+ {[%emt 0:01:59]} Kh8 {[%emt 0:00:29]} 39. Qxe6 {[%emt 0:02:31]} Qxc3 {[%emt 0:00:04]} 40. Qe8+ {[%emt 0:00:07]} Kh7 {[%emt 0:00:03]} 41. Qh5+ {[%emt 0:30:05]} 1/2-1/2

[Event "WJCC U20 Open 2019"]
[Site "New Delhi"]
[Date "2019.10.22"]
[Round "8.1"]
[White "Sargsyan, Shant"]
[Black "Shtembuliak, Evgeny"]
[Result "1/2-1/2"]
[WhiteElo "2580"]
[BlackElo "2577"]
[Annotator "TA"]
[PlyCount "105"]
[EventDate "2019.10.15"]
[EventType "swiss"]
[EventCountry "IND"]
[SourceTitle "playchess.com"]
[Source "ChessBase"]
[SourceQuality "1"]

{[%evp 17,105,23,35,18,18,18,21,21,22,16,17,25,25,25,29,26,27,24,40,39,39,33,40,41,49,34,59,55,70,66,81,67,60,70,66,68,68,53,72,55,72,59,70,68,70,46,52,50,61,45,52,54,42,43,53,41,39,40,56,0,0,0,0,0,0,0,0,0,0,0,0,0,0,0,0,0,0,0,0,0,0,0,0,0,0,0,0,0,0,0]} 1. d4 Nf6 2. c4 e6 3. Nf3 b6 4. g3 Bb7 5. Bg2 Bb4+ 6. Bd2 a5 7. O-O O-O 8. Bf4 Be7 9. Nc3 {[%cal Bb1c3,Bc3b5,Bb5c7][%mdl 32]} Ne4 10. Nb5 {E16: Queen's Indian: 4 g3 Bb7 5 Bg2 Bb4+} c6 11. Nc7 Ra7 12. Qb3 $1 {[%cal Rb3b6]} d6 $1 13. c5 Qxc7 14. cxb6 a4 15. bxc7 axb3 16. cxb8=Q Rxb8 17. axb3 Rba8 18. Rxa7 Rxa7 19. Rb1 {[#]} Ra2 $146 ({Predecessor:} 19... f5 20. Ne1 Ra6 21. f3 Nf6 22. Nc2 c5 23. dxc5 {½-½ (23) Banikas,H (2603)-Fedorchuk,S (2630) Chania 2019}) 20. Ne1 d5 21. Nd3 g5 22. Be3 Nd6 23. Bd2 Nb5 24. Bb4 Bxb4 25. Nxb4 Ra5 26. e3 Nd6 27. Nd3 Ba6 28. Nc5 Bb5 29. f3 h5 30. Kf2 Kf8 31. Ke1 Ke7 32. Kd2 g4 33. Re1 Ra8 34. e4 gxf3 35. Bxf3 dxe4 36. Nxe4 Nf5 37. Kc3 Rd8 38. Rd1 (38. Ra1 $14) 38... h4 $1 $11 {The position is equal.} 39. g4 Ne3 40. Ra1 e5 41. Ra7+ Kf8 42. Ng5 exd4+ 43. Kd2 $1 Nf1+ {[%mdl 64] [#] Double Attack} 44. Kd1 Nxh2 45. Rxf7+ Kg8 46. Be4 $1 {[%cal Re4h7] Strongly threatening Bh7+.} Nxg4 47. Kd2 Ne3 48. Bh7+ Kh8 49. Ne6 Nf1+ 50. Ke1 Re8 51. Bf5 Ng3 52. Rh7+ {[%mdl 64] [#] Double Attack} Kg8 53. Rg7+ {Accuracy: White = 93%, Black = 75%.} 1/2-1/2

[Event "WJCC U20 Open 2019"]
[Site "New Delhi"]
[Date "2019.10.22"]
[Round "8.2"]
[White "Santos Ruiz, Miguel"]
[Black "Praggnanandhaa R"]
[Result "1-0"]
[WhiteElo "2560"]
[BlackElo "2567"]
[Annotator "TA"]
[PlyCount "57"]
[EventDate "2019.10.15"]
[EventType "swiss"]
[EventCountry "IND"]
[SourceTitle "playchess.com"]
[Source "ChessBase"]
[SourceQuality "1"]

{[%evp 14,57,6,16,58,18,42,29,15,0,0,0,0,0,0,0,0,0,0,0,27,0,0,0,11,0,317,307,313,305,305,308,285,288,1937,1856,29993,29994,29994,29995,29995,29996,29997,29998,29998,29999]} 1. e4 c5 2. Nf3 e6 3. d4 cxd4 4. Nxd4 Nf6 5. Nc3 Nc6 6. Nxc6 bxc6 7. e5 Nd5 8. Ne4 Rb8 {B45: Sicilian Four Knights} (8... Qc7 9. f4 Qb6 10. c4 Bb4+ 11. Ke2 f5 12. exf6 Nxf6 13. Be3 Qd8 14. Nd6+ Bxd6 15. Qxd6 Qe7 16. Bc5 Qf7 17. Ke3 g5 18. Be2 g4 19. Rac1 h5 20. Rc3 Qg7 21. Bd3 Kf7 22. Kd2 Re8 23. Re1 Qh6 24. Kc2 a5 25. Re5 Nh7 26. Rf5+ Kg8 27. Qe5 {1-0 (27) Vidit,S (2718)-Krasenkow,M (2671) Wijk aan Zee 2018}) 9. Bd3 Qc7 10. f4 Qb6 {White has an edge.} 11. Qe2 Be7 12. c4 f5 13. Nd6+ Bxd6 $1 14. exd6 {[#]} Nf6 $146 ({Predecessor:} 14... Qb4+ 15. Kf1 Nf6 16. Qe5 O-O 17. Ke2 {½-½ (49) Heberla,B (2465)-Khairullin,I (2537) Istanbul 2005}) 15. b3 O-O 16. Bb2 a5 17. O-O-O a4 18. Bc2 axb3 19. axb3 c5 $2 {[%mdl 8192] [#]} (19... Rf7 $1 $11) 20. g4 $1 {[%mdl 512]} Bb7 ({Stronger than} 20... fxg4 21. Rhg1 $16) 21. Rhg1 Be4 {Black wants to play ...Bxc2.} ({But not} 21... Nxg4 $2 22. Rxg4 Rf7 {[#]} 23. Rg3 $1 $18 {[%mdl 512]}) 22. gxf5 Bxc2 23. Qxc2 exf5 $2 (23... Rf7 24. fxe6 dxe6) 24. Qxf5 {Threatening mate with Rxg7+!} Ne8 {[#]} 25. Rxg7+ $3 {[%mdl 512] White mates.} Nxg7 26. Qe5 {[%csl Gb2][%cal Re5g7]} Rf7 {[#]} 27. Rg1 $1 {[%mdl 512]} Kf8 28. Rxg7 Qd8 {[#]} 29. Rg8+ $1 {[%mdl 576] Skewer, Decoy, Back Rank. Accuracy: White = 73%, Black = 42%.} 1-0

[Event "WJCC U20 Open 2019"]
[Site "New Delhi"]
[Date "2019.10.22"]
[Round "8.3"]
[White "Karthikeyan, Murali"]
[Black "Murzin, Volodar"]
[Result "1-0"]
[WhiteElo "2617"]
[BlackElo "2433"]
[Annotator "TA"]
[PlyCount "153"]
[EventDate "2019.10.15"]
[EventType "swiss"]
[EventCountry "IND"]
[SourceTitle "playchess.com"]
[Source "ChessBase"]
[SourceQuality "1"]

{[%evp 11,163,13,33,41,38,19,29,-12,0,-3,26,-16,0,0,0,0,0,0,24,-19,11,14,14,18,50,35,45,0,0,0,0,0,0,-17,43,44,95,19,73,75,88,87,81,91,91,85,100,100,100,100,112,106,108,0,123,102,115,92,87,93,120,114,116,91,94,0,120,116,121,104,116,107,118,117,114,114,123,98,135,141,146,137,157,91,110,0,172,152,174,154,166,0,181,162,159,158,180,0,167,158,183,0,164,143,175,175,247,195,200,141,226,195,195,170,165,173,158,155,197,186,186,185,218,130,156,147,147,125,348,353,334,241,241,241,240,240,314,321,366,384,353,322,728,567,864,863,854,816,1131,1097,5665,5639,1285,358]} 1. e4 c6 2. d4 d5 3. exd5 cxd5 4. Bd3 Nc6 5. c3 g6 6. Bf4 Bf5 7. Bxf5 {B13: Caro-Kann: Exchange Variation and Panov-Botvinnik Attack} (7. Nf3 Bg7 8. O-O Nf6 9. Re1 O-O 10. Qe2 Bxd3 11. Qxd3 Nh5 12. Bg5 f6 13. Bh4 g5 14. Bg3 a6 {½-½ (52) Geller,J (2526)-Zvjaginsev,V (2643) Moscow 2017}) 7... gxf5 8. Nf3 e6 9. Qb3 {White has an edge.} Qd7 10. Nbd2 Nge7 11. O-O $146 ({Predecessor:} 11. Ne5 Nxe5 12. Bxe5 Rg8 13. Nf3 Nc6 14. Bf4 O-O-O {0-1 (39) Buckley,D (2172)-Ledger,A (2418) Scarborough 2001}) 11... Bg7 12. h3 Ng6 13. Bh2 O-O 14. Rfe1 Rac8 15. Nf1 Na5 16. Qc2 b5 17. Qe2 Rfe8 18. h4 f6 19. Rad1 {[%cal Ba1d1,Bd1d3,Bd3e3][%mdl 32]} Bh6 20. Kh1 Nc4 21. b3 Nb6 22. h5 Nf8 (22... Nh8 $1 $11) 23. Rd3 $14 Re7 (23... Kh8 $14) 24. Ng1 ({Better is} 24. Ne3 $16 Rg7 25. Ng1) 24... Rg7 (24... e5 $11 {remains equal.}) 25. Nh3 $16 Na8 26. Bf4 Bxf4 27. Nxf4 Nc7 28. Re3 Qd6 29. g3 Rd8 30. Nh2 Rdd7 31. Nf3 Rg4 32. Nh2 Rgg7 33. Nd3 Kh8 34. Qf3 Rg5 35. Nf4 Rf7 36. Qe2 a6 37. Nf3 Rg4 38. Nh2 Rg5 $1 39. Qd3 Rd7 40. Qd1 Rf7 41. Qe2 Rd7 42. Ra1 Re7 43. a4 bxa4 44. Rxa4 Rgg7 45. Nf3 Rg4 46. Ra1 Re8 47. Nh2 ({White should try} 47. c4) 47... Rg7 48. Nf3 (48. Re1 $16) 48... Rg4 $1 $18 49. c4 Rb8 50. Nh2 Rg7 {intending ...dxc4.} 51. Nf3 Rg4 $1 52. Qd3 Qd7 53. Nh2 $36 {[%mdl 2048] Keeping Black busy.} Rg7 54. Nf3 Rg4 $1 55. Qc3 Qd6 56. Qd3 Qd7 $1 57. Ra5 dxc4 58. bxc4 Rb2 (58... Qf7 $142 59. Nh2 Rg8) 59. Re2 Rb8 60. Ra1 Qd6 (60... Qf7 $16 {was worth a try.}) 61. Qc3 Kg8 62. Nh2 Rg7 63. Re3 Rc8 64. Qd3 Rd8 65. Nf3 Qc6 66. Qc3 Rc8 67. Rae1 (67. Qb3 $18) 67... Nb5 $16 68. Qd2 $1 Nd6 69. d5 Qb7 $2 (69... exd5 $16 {was necessary.} 70. Qxd5+ (70. cxd5 Qb6 $16) 70... Qxd5 71. Nxd5 (71. cxd5 Rc2 $16) 71... Kh8) 70. dxe6 $18 Nxc4 71. Qa2 Nxe3 72. Rxe3 {And now e7+ would win.} Re7 73. Kh2 Rc1 74. Nd5 Rxe6 {[#] Strongly threatening ...Qb1.} 75. Nxf6+ $1 Kf7 {[#]} ({Much weaker is} 75... Kg7 76. Rxe6 Qxf3 77. Ne8+ Kh8 {[#]} 78. Re1 $1 $18 {[%mdl 512]}) 76. Nxh7 $1 {[%mdl 512]} Rcc6 $2 (76... Kg7 77. Rb3 (77. Rxe6 Nxe6 78. Qxe6 Qxf3 $11) 77... Qc6) (76... Nxh7 77. Qxe6+) 77. Nfg5+ {Played: Nf3-d4} 1-0

[Event "WJCC U20 Open 2019"]
[Site "New Delhi"]
[Date "2019.10.22"]
[Round "8.4"]
[White "Hakobyan, Aram"]
[Black "Khanin, Semen"]
[Result "1-0"]
[WhiteElo "2561"]
[BlackElo "2507"]
[Annotator "TA"]
[PlyCount "116"]
[EventDate "2019.10.15"]
[EventType "swiss"]
[EventCountry "IND"]
[SourceTitle "playchess.com"]
[Source "ChessBase"]
[SourceQuality "1"]

{[%evp 17,116,8,11,-8,22,23,28,31,48,43,32,26,39,0,7,0,10,-31,-29,-41,-36,-36,-32,-46,-53,-33,-45,-70,0,0,0,0,17,12,42,16,44,16,165,119,101,27,23,6,25,29,29,22,22,21,23,14,15,12,17,7,126,129,120,0,0,0,7,8,150,150,150,154,153,154,150,140,140,140,140,153,203,189,248,243,370,370,397,434,412,386,366,359,998,981,872,806,691,0,610,584,1038,1027,1087,1001,746]} 1. d4 Nf6 2. c4 g6 3. Nc3 d5 4. cxd5 Nxd5 5. e4 Nxc3 6. bxc3 Bg7 7. Qa4+ Nd7 8. Nf3 O-O 9. Be2 c5 10. O-O {D85: Exchange Grünfeld: Unusual White 7th moves and lines with 7 Nf3} a6 (10... Nb6 11. Qa3 cxd4 12. cxd4 Bg4 13. Rd1 Bxf3 14. Bxf3 Bxd4 15. e5 Nc4 16. Qb4 Rc8 17. Bh6 Bxa1 18. Rxd8 Rfxd8 {½-½ (34) Carlsen,M (2882)-Nepomniachtchi,I (2774) Saint Louis 2019}) 11. Qa3 Qc7 12. Bg5 {White has an edge.} e6 13. e5 Re8 14. Nd2 Bf8 {aiming for ...cxd4.} 15. Qc1 b5 16. Ne4 Bb7 17. Bf3 Rac8 $146 ({Predecessor:} 17... Bxe4 18. Bxe4 {½-½ (34) Pascua,H (2386)-Laylo,D (2491) Manila 2013}) 18. Qf4 Bxe4 19. Bxe4 Nb6 20. Rad1 {[%cal Ba1d1,Bd1d3,Bd3f3][%mdl 32]} cxd4 21. cxd4 Be7 22. h4 Nd5 (22... Bxg5 $15 23. hxg5 Na4) 23. Bxd5 $1 $11 exd5 24. Rd3 Qd7 25. Rf3 Qe6 26. h5 b4 27. Re1 Rc2 (27... Qf5 $11 {and Black stays safe.}) 28. Bxe7 $1 $18 Qxe7 {[#]} 29. Qh6 ({White should play} 29. e6 $1 $16 {[%cal Re6f7][%mdl 512]} fxe6 30. Qg3 (30. hxg6 hxg6 31. Qh6 Qh7 $16)) 29... Rc6 $11 30. hxg6 fxg6 31. g3 a5 32. Kg2 a4 33. Rf6 Rec8 34. Qh3 R8c7 $1 35. Rf3 Rc3 {Threatens to win with ...Rxf3.} 36. Rf4 {next e6 is good for White.} Rc1 (36... b3 $11 37. axb3 axb3) 37. Rxc1 $16 Rxc1 {[%mdl 4096] Endgame KQR-KQR} 38. e6 ({White should try} 38. Rf6 $16) 38... h5 $11 39. Rf7 Qe8 40. Rb7 $40 {[%mdl 128] Hoping for Qh4. White attacks.} Re1 {[#]} (40... Qc8 $1 $11 {remains equal.} 41. Rxb4 Rc2) 41. Qh4 $1 $16 {[%cal Rh4f6] Threatening mate with Qf6.} ({Much less strong is} 41. Rxb4 $6 Qf8 $14) 41... Qxe6 42. Qd8+ ({Reject} 42. Rxb4 Qf5 $11) 42... Qe8 43. Qxd5+ Qe6 44. Qd8+ Qe8 45. Qxe8+ Rxe8 46. Rxb4 {KR-KR} a3 {intending ...Re2.} 47. Ra4 Re4 (47... Rd8 $142 48. f4 (48. Rxa3 Kf7 $18) 48... Kf7) 48. Kf3 $18 Rg4 (48... Re8 $142 49. Rxa3 Rf8+ 50. Ke3 Kg7) 49. Ke3 g5 50. Rxa3 h4 51. gxh4 gxh4 52. Ra5 Kg7 $2 (52... Rg1 53. Rh5 Rh1) 53. Rh5 Kg6 54. Rh8 Kf5 55. Rh5+ $2 (55. a4 $18 {And now a5 would win.} Ke6 56. Rh5) 55... Ke6 $2 {[%mdl 8192]} (55... Kg6 $11 56. Rh8 Kf7) 56. a4 {White is clearly winning.} Rg1 57. Rxh4 Ra1 58. Rh6+ Kd5 {Accuracy: White = 51%, Black = 41%.} 1-0

[Event "WJCC U20 Open 2019"]
[Site "New Delhi"]
[Date "2019.10.22"]
[Round "8.5"]
[White "Gazik, Viktor"]
[Black "Costachi, Mihnea"]
[Result "0-1"]
[WhiteElo "2546"]
[BlackElo "2463"]
[Annotator "RC"]
[PlyCount "74"]
[EventDate "2019.10.15"]
[EventType "swiss"]
[EventCountry "IND"]
[SourceTitle "playchess.com"]
[Source "ChessBase"]
[SourceQuality "1"]
[TimeControl "40/5400+30:1800+30"]

1. d4 {[%emt 0:00:00]} d5 {[%emt 0:00:00]} 2. c4 {[%emt 0:00:00]} c6 {[%emt 0:00:01]} 3. Nf3 {[%emt 0:00:00]} Nf6 {[%emt 0:00:55]} 4. e3 {[%emt 0:00:00]} Bg4 {[%emt 0:04:38]} 5. h3 {[%emt 0:00:39]} Bh5 {[%emt 0:00:04]} 6. g4 {[%emt 0:00:07]} Bg6 {[%emt 0:00:05]} 7. Ne5 {[%emt 0:00:04]} Nbd7 {[%emt 0:00:03]} 8. Nxg6 {[%emt 0:07:24]} hxg6 {[%emt 0:01:40]} 9. Bg2 {[%emt 0:05:12]} e6 {[%emt 0:05:12]} 10. Nd2 {[%emt 0:01:55]} Bb4 {[%emt 0:08:29]} 11. a3 {[%emt 0:00:24]} Bxd2+ {[%emt 0:03:39]} 12. Bxd2 {[%emt 0:00:07]} g5 {[%emt 0:02:51]} 13. O-O {[%emt 0:20:57]} Nf8 {[%emt 0:09:08]} 14. b4 {[%emt 0:08:55]} dxc4 {[%emt 0:14:07]} 15. Rc1 {[%emt 0:07:43]} Ng6 {[%emt 0:01:47]} 16. Rxc4 {[%emt 0:00:35]} Nh4 {[%emt 0:01:27]} 17. Qe2 {[%emt 0:09:31]} Nxg2 {[%emt 0:01:21]} 18. Kxg2 {[%emt 0:00:10]} Nd5 {[%emt 0:11:01]} 19. e4 {[%emt 0:18:29]} Nf4+ {[%emt 0:00:57]} 20. Bxf4 {[%emt 0:00:06]} gxf4 {[%emt 0:00:02]} 21. Rd1 {[%emt 0:04:48]} Qf6 {[%emt 0:04:03]} 22. Qf3 {[%emt 0:00:05]} O-O {[%emt 0:07:43]} 23. Rc5 {[%emt 0:01:09]} Rad8 {[%emt 0:02:53]} 24. g5 {[%emt 0:01:54]} Qg6 {[%emt 0:00:13]} 25. h4 {[%emt 0:04:12]} f6 {[%emt 0:00:55]} 26. Kh3 {[%emt 0:04:22]} b6 {[%emt 0:02:45]} 27. Rxc6 {[%emt 0:00:34]} fxg5 {[%emt 0:00:09]} 28. h5 {[%emt 0:03:39]} Qe8 {[%emt 0:01:31]} 29. d5 {[%emt 0:00:02]} Rf6 {[%emt 0:02:47]} 30. b5 {[%emt 0:00:01]} Rh6 {[%emt 0:02:25]} 31. dxe6 {[%emt 0:01:48]} g4+ {[%emt 0:00:32]} 32. Qxg4 {[%emt 0:00:06]} Rxd1 {[%emt 0:01:41]} 33. Qxd1 {[%emt 0:00:33]} Rxh5+ {[%emt 0:00:05]} 34. Kg4 {[%emt 0:00:48]} Qg6+ {[%emt 0:00:04]} 35. Kxf4 {[%emt 0:00:06]} Qg5+ {[%emt 0:00:31]} 36. Kf3 {[%emt 0:00:07]} Rh3+ {[%emt 0:00:06]} 37. Ke2 {[%emt 0:00:05]} Qxb5+ {[%emt 0:00:29]} 0-1

[Event "WJCC U20 Open 2019"]
[Site "New Delhi"]
[Date "2019.10.22"]
[Round "8.6"]
[White "Visakh N R"]
[Black "Bronstein, Or"]
[Result "0-1"]
[WhiteElo "2529"]
[BlackElo "2413"]
[Annotator "TA"]
[PlyCount "90"]
[EventDate "2019.10.15"]
[EventType "swiss"]
[EventCountry "IND"]
[SourceTitle "playchess.com"]
[Source "ChessBase"]
[SourceQuality "1"]

{[%evp 12,90,31,0,10,-4,31,25,22,11,25,25,8,8,26,11,27,0,-2,-5,-10,-74,-10,-39,14,18,5,0,87,84,71,93,87,86,53,-153,-129,-145,-142,-112,-104,-143,-121,-642,-610,-1187,-1364,-1207,-812,-713,0,-1176,-1108,-1381,-1355,-1256,-1039,-1263,-1120,-945,-613,-587,-576,-573,-526,-541,-543,-775,-128,-134,0,-775,-774,-750,-742,-725,-693,-666,-643,-572,-563]} 1. e4 c5 2. Nf3 d6 3. d4 cxd4 4. Nxd4 Nf6 5. Nc3 a6 6. h3 e5 7. Nb3 Be6 {B90: Sicilian Najdorf: Unusual White 6th moves, 6 Be3 Ng4 and 6 Be3 e5} 8. f4 b5 (8... g6 9. Be2 Nbd7 10. g4 Rc8 11. f5 Bxb3 12. axb3 Rxc3 13. bxc3 Nxe4 14. O-O Qh4 15. Bf3 gxf5 16. Bxe4 fxe4 {½-½ (53) Caruana,F (2818)-Vachier Lagrave,M (2778) Saint Louis 2019}) 9. Be3 b4 {White has an edge.} 10. Nd5 Nbd7 $146 ({Predecessor:} 10... Nxe4 11. Qd3 f5 12. O-O-O Nd7 13. g4 Ng3 14. Rg1 Nxf1 15. Rgxf1 fxg4 16. fxe5 dxe5 {1-0 (41) Volokitin,A (2649)-Kovchan,A (2585) Rivne 2016}) 11. Qf3 Bxd5 12. exd5 g6 13. O-O-O Bg7 14. g4 O-O 15. f5 a5 $1 16. g5 {[#]} (16. Nd2 $11) 16... a4 $1 $17 17. Nd2 a3 (17... e4 $1 $15 18. Qf2 (18. Nxe4 Nxe4 19. Qxe4 b3 $17) 18... a3 19. bxa3 Nxd5) 18. gxf6 axb2+ 19. Kb1 $1 Qa5 (19... Rxa2 $1 $11 20. Kxa2 (20. fxg7 {gets mated.} Qa5 21. gxf8=Q+ Nxf8 22. c3 Qa4 23. cxb4 Ra1+ 24. Kxb2 Ra2+ 25. Kc3 Qc2#) 20... e4) 20. Bc4 $16 Rfc8 21. Qe2 (21. fxg6 Rxc4 22. Ba7 (22. a4 {is a self mate.} Qxa4 23. gxf7+ Kxf7 24. Qh5+ Kg8 25. Qe8+ Rxe8 26. f7+ {[%mdl 64] Decoy} Kxf7 27. Rdf1+ Kg8 28. Rf8+ Nxf8 29. Nb3 Ra8 30. Ba7 Rxa7 31. Kxb2 Qa2+ 32. Kc1 Qxc2#) 22... hxg6 $19) (21. Bb3 {with more complications.} Rc3 22. Nc4 Qa6 23. a4 bxa3 24. fxg7 Nc5 25. Rhf1) 21... Nxf6 {[%cal Bd7f6,Bf6d5,Bd5e3][%mdl 32]} 22. fxg6 hxg6 23. Rhf1 $2 {[#]} (23. Bg5 $1 $14 {is the one way to stay ahead.}) 23... Rxc4 $1 {[%mdl 512]} 24. Qxc4 {Bg5 is the strong threat.} (24. Nxc4 Qxa2#) 24... Nxd5 25. Ne4 Nxe3 $40 {[%mdl 128] Black has strong attack.} 26. Qxf7+ Kh8 {( -> ...d5)} 27. Qb3 $2 {[%mdl 8192]} (27. Nxd6 $17 Nxf1 28. Rxf1) 27... d5 $19 28. Ng5 e4 29. Nf7+ Kh7 {Hoping for ...Nc4.} 30. Ng5+ Kh8 (30... Kg8 $142 31. Nxe4 Kh8) 31. Nf7+ $1 Kg8 {And now ...Nc4 would win.} 32. Nd6 Kh7 33. Rfe1 Nxd1 34. Rxd1 Qc5 35. Nf7 Qc4 36. Ng5+ Kh8 37. Qxc4 dxc4 38. Nxe4 {[%mdl 4096] Endgame [#] KRB-KRN} b3 $1 {[%csl Ga8][%cal Bb4b3,Bb3a2][%mdl 544]} 39. c3 (39. axb3 Ra1#) 39... Re8 $2 (39... bxa2+ $19 40. Kxb2 Re8) 40. Nd6 $17 Ra8 $2 {[%mdl 8192]} (40... bxa2+ $17 41. Kxa2 Re3) 41. Ne4 $19 bxa2+ {Black is clearly winning.} 42. Kxb2 Re8 43. Ng3 Re3 {[%mdl 64] Double Attack} 44. Rg1 Be5 45. Kxa2 Bxg3 {Accuracy: White = 47%, Black = 56%.} 0-1

[Event "WJCC U20 Open 2019"]
[Site "New Delhi"]
[Date "2019.10.22"]
[Round "8.7"]
[White "Raja Rithvik R"]
[Black "Aravindh, Chithambaram VR."]
[Result "0-1"]
[WhiteElo "2369"]
[BlackElo "2609"]
[Annotator "TA"]
[PlyCount "66"]
[EventDate "2019.10.15"]
[EventType "swiss"]
[EventCountry "IND"]
[SourceTitle "playchess.com"]
[Source "ChessBase"]
[SourceQuality "1"]

{[%evp 14,66,64,65,45,40,31,42,31,32,56,51,50,42,34,30,40,38,104,0,14,11,2,2,16,-95,-88,-97,-93,-96,-83,-94,-90,-93,-85,-89,-86,-193,-191,-274,-266,-272,-275,-270,-200,-185,-185,-179,-171,-173,-176,-175,-176,-406,-398]} 1. d4 Nf6 2. c4 e6 3. Nf3 d5 4. g3 dxc4 5. Bg2 a6 6. O-O Nc6 7. e3 Rb8 8. Nfd2 e5 {E04: Open Catalan: 5 Nf3} 9. Bxc6+ bxc6 10. dxe5 Ng4 {White is slightly better.} 11. Nxc4 Be6 $1 12. Nbd2 (12. Qe2 h5 13. Rd1 Qc8 14. Qf3 Rb6 15. Nxb6 cxb6 16. h4 Nxe5 {½-½ (41) Grischuk,A (2759)-Ding,L (2811) Khanty-Mansiysk 2019}) 12... Bb4 13. Qc2 h5 14. b3 h4 {[#] Strongly threatening ...Nxh2!} 15. Nf3 $1 {[#]} f5 $146 (15... hxg3 $14 16. hxg3 Qd7) ({Predecessor:} 15... hxg3 16. fxg3 {0-1 (23) Kim,Y (2360)-Matsenko,S (2533) Sturbridge 2018}) 16. e4 ({Much worse is} 16. Nxh4 $6 Rxh4 17. gxh4 Qxh4 $11) ({Stronger than} 16. gxh4 Nxh2 17. Nxh2 (17. Kxh2 Rxh4+ 18. Kg2 Rg4+ 19. Kh1 Bd5 $19 {[%mdl 64] Decoy}) 17... Qxh4 $17) (16. h3 $16 Qd5 17. Ng5 (17. Nxh4 Rxh4 18. e4 Rxh3 $11) 17... hxg3 18. e4 (18. fxg3 Nxe5 19. Nxe5 Qxe5 $14 {[%mdl 64] Double Attack}) (18. Nxe6 Qxe6 19. hxg4 Qh6 $17) 18... fxe4 19. hxg4) 16... hxg3 $11 17. hxg3 {And now Bg5 would win.} fxe4 $1 18. Qxe4 Qd7 19. Bg5 (19. Nh4 $11 {keeps the balance.}) 19... Bd5 $17 20. e6 Bxe4 21. exd7+ Kxd7 22. Rad1+ Kc8 23. Nh4 {[#]} Bc5 $1 $40 {[%mdl 128] Black is out for blood.} 24. Ne3 Ne5 {Hoping for ...Nf7.} 25. f3 (25. Neg2 $17) 25... Rh5 $19 26. fxe4 (26. Rd8+ $142 Kb7 27. Rxb8+ Kxb8 28. fxe4 Rxg5 29. Nhg2) 26... Rxg5 27. Nhf5 Rb4 28. Rc1 Bxe3+ 29. Nxe3 Rxg3+ 30. Kf2 Rg6 {...Nd3+ is the strong threat.} 31. Nf5 {Threatens to win with Ne7+.} Rg4 32. Ng3 Rd4 {White must now prevent ...Rd2+.} 33. Rfd1 $2 (33. Rcd1 c5 34. Rg1) 33... Rd3 {Accuracy: White = 50%, Black = 78%.} 0-1